000 00305nam a22001457a 4500
003 SGT
020 _a978-81-8448-711-4
082 _a615.8
_bR10S
100 _aSUNDER, S.
245 _aTB. OF REHABILITATION
250 _a3RD
260 _aINDIA
_bJAYPEE
_c2010
300 _a540
942 _2ddc
_cBK
_0155
999 _c16972
_d16972